| 000 | 00835nam a2200253 a 4500 | ||
|---|---|---|---|
| 005 | 20251111063906.0 | ||
| 008 | 061117s20032009mx r 000 0 spa d | ||
| 020 | _a968231111X | ||
| 035 | _aUPN01000148015 | ||
| 049 | _aCG | ||
| 050 | 4 |
_aPN81 _bB3.3 2003 |
|
| 100 | 1 | _aBajtín, Mijaíl Mijáilovich | |
| 245 | 1 | 0 |
_aEstética de la creación verbal / _cMijaíl Mijáilovich Bajtín ; tr. Tatiana Bubnova. |
| 250 | _a11a ed. | ||
| 260 |
_aMéxico : _bSiglo XXI, _c2003 (2009, impr.). |
||
| 300 | _a396 p. | ||
| 440 | 0 | _aLingüística y teoría literaria | |
| 534 |
_pTraducción de: _tEstetika slovesnogo tvorchestva |
||
| 650 | 4 |
_aLiteratura _xHistoria y crítica _95355 |
|
| 650 | 4 |
_aCrítica literaria _911578 |
|
| 650 | 2 |
_aCreación (literaria, artística, etc.) _95738 |
|
| 650 | 4 |
_aLingüística _96151 |
|
| 905 | _aLibro | ||
| 999 |
_c120157 _d120157 |
||